[Event "Almansa 2013 - Torneo A"]
[Site "Almansa ESP"]
[Date "2013.08.10"]
[Round "8.4"]
[White "Jimenez Martinez, Jose Vicente"]
[Black "Remolar Gallen, Jose"]
[Result "1/2-1/2"]
[WhiteElo "2238"]
[BlackElo "2209"]
[PlyCount "110"]
[EventDate "2013.08.06"]
[EventType "swiss"]
[EventRounds "9"]
[EventCountry "ESP"]
[Source "lmi"]
[SourceDate "2013.08.06"]

1. d4 Nf6 2. c4 e6 3. Nc3 Bb4 4. Qc2 O-O 5. e3 b6 6. Bd3 Bb7 7. f3 c5 8. Nge2
d5 9. cxd5 exd5 10. a3 Bxc3+ 11. bxc3 Re8 12. O-O Ba6 13. Ng3 Bxd3 14. Qxd3 Nc6
15. Bb2 Rc8 16. e4 cxd4 17. cxd4 dxe4 18. fxe4 Ne5 19. Qb3 Nc4 20. Rfe1 Nxb2
21. Qxb2 Rc4 22. Rad1 Qa8 23. e5 Nd5 24. Ne4 Rec8 25. Qf2 Rc2 26. Rd2 Rxd2 27.
Qxd2 Qc6 28. Nd6 Qc3 29. Qf2 Rf8 30. a4 Nf4 31. Ne4 Qb4 32. Rf1 Qxd4 33. Qxd4
Ne2+ 34. Kf2 Nxd4 35. Rd1 Nc6 36. Rd7 Ra8 37. e6 fxe6 38. Rd6 Ne5 39. Rxe6 Nd3+
40. Kg3 Nb2 41. a5 bxa5 42. Ra6 Nc4 43. Nc3 Rb8 44. Ne4 Rb7 45. Nc5 Re7 46. Kf2
h6 47. Nb3 Rb7 48. Nc5 Rf7+ 49. Kg3 Kf8 50. Nb3 Re7 51. Kf2 Rb7 52. Nc5 Rf7+
53. Kg3 Ke8 54. h4 Kd8 55. Nb3 Ke8 1/2-1/2

[Event "Almansa 2013 - Torneo A"]
[Site "Almansa ESP"]
[Date "2013.08.10"]
[Round "8.5"]
[White "Claros Egea, Christian"]
[Black "Arias Igual, Alejandro"]
[Result "1-0"]
[WhiteElo "2229"]
[BlackElo "2155"]
[PlyCount "45"]
[EventDate "2013.08.06"]
[EventType "swiss"]
[EventRounds "9"]
[EventCountry "ESP"]
[Source "lmi"]
[SourceDate "2013.08.06"]

1. e4 c5 2. Nf3 Nc6 3. Bb5 g6 4. Bxc6 dxc6 5. h3 Bg7 6. d3 e5 7. Be3 b6 8. Qd2
h6 9. Qc3 Qf6 10. Nbd2 Be6 11. b4 Ne7 12. bxc5 O-O 13. cxb6 axb6 14. Bxb6 g5
15. a4 Ng6 16. Be3 Ra6 17. Nb3 g4 18. hxg4 Bxg4 19. Nh2 Qh4 20. Kd2 Nf4 21. g3
Qg5 22. Nxg4 Qxg4 23. gxf4 1-0

[Event "Almansa 2013 - Torneo A"]
[Site "Almansa ESP"]
[Date "2013.08.10"]
[Round "8.6"]
[White "Carrascoso Morales, Abel"]
[Black "Moreno Ibanez, Miguel"]
[Result "1-0"]
[WhiteElo "2288"]
[BlackElo "2149"]
[PlyCount "61"]
[EventDate "2013.08.06"]
[EventType "swiss"]
[EventRounds "9"]
[EventCountry "ESP"]
[Source "lmi"]
[SourceDate "2013.08.06"]

1. d4 d5 2. Nf3 e6 3. c4 Nf6 4. Nc3 Be7 5. Bg5 O-O 6. e3 h6 7. Bxf6 Bxf6 8. Qc2
Nc6 9. Rc1 a6 10. a3 Be7 11. Bd3 dxc4 12. Bxc4 Bd6 13. h4 Re8 14. Ne4 Ne7 15.
Ne5 Bxe5 16. dxe5 Ng6 17. f4 Bd7 18. h5 Ne7 19. Rd1 Qc8 20. Rh3 Bc6 21. Ba2 Rd8
22. Rxd8+ Qxd8 23. Bb1 Kf8 24. Nc3 Nf5 25. g4 Ne7 26. Qh7 Ng8 27. g5 hxg5 28.
Rg3 f6 29. fxg5 f5 30. h6 Qe7 31. Qh8 1-0

[Event "Almansa 2013 - Torneo A"]
[Site "Almansa ESP"]
[Date "2013.08.11"]
[Round "9.1"]
[White "Carrascoso Morales, Abel"]
[Black "Cano Gimenez, Vicente"]
[Result "0-1"]
[WhiteElo "2288"]
[BlackElo "2225"]
[PlyCount "70"]
[EventDate "2013.08.06"]
[EventType "swiss"]
[EventRounds "9"]
[EventCountry "ESP"]
[Source "lmi"]
[SourceDate "2013.08.06"]

1. d4 Nf6 2. Nf3 c5 3. d5 b5 4. a4 b4 5. c4 g6 6. Qc2 Bg7 7. e4 d6 8. Bd3 Nbd7
9. h3 O-O 10. O-O Ne8 11. Bg5 b3 12. Qc1 Nc7 13. Bh6 Na6 14. Bxg7 Kxg7 15. Qc3+
f6 16. Nbd2 Rb8 17. Ra3 Nb4 18. Bb1 Kg8 19. Rxb3 e5 20. dxe6 Ne5 21. Nh2 Nec6
22. Ndf3 Bxe6 23. Ng4 Na5 24. Ra3 Nxc4 25. Ng5 Qe7 26. Nxe6 Qxe6 27. f4 Nxa3
28. bxa3 Nc6 29. Bd3 Kh8 30. f5 gxf5 31. Rxf5 Ne5 32. Bc2 Qc4 33. Qa5 Nxg4 34.
hxg4 Qxc2 35. Rf2 Rb1+ 0-1

[Event "Almansa 2013 - Torneo A"]
[Site "Almansa ESP"]
[Date "2013.08.11"]
[Round "9.2"]
[White "Claros Egea, Christian"]
[Black "Sos Andreu, Eric"]
[Result "1/2-1/2"]
[WhiteElo "2229"]
[BlackElo "2229"]
[PlyCount "47"]
[EventDate "2013.08.06"]
[EventType "swiss"]
[EventRounds "9"]
[EventCountry "ESP"]
[Source "lmi"]
[SourceDate "2013.08.06"]

1. e4 c6 2. d4 d5 3. e5 c5 4. dxc5 Nc6 5. Bb5 e6 6. Be3 Nge7 7. c3 Bd7 8. Bxc6
Bxc6 9. Nf3 Nf5 10. Bd4 Nxd4 11. Qxd4 Be7 12. O-O Qc7 13. b4 O-O 14. Nbd2 b6
15. cxb6 axb6 16. a3 Rfc8 17. Rfc1 Bb5 18. Qe3 Ra4 19. Nd4 Bd7 20. Rc2 Rca8 21.
Rca2 Rc8 22. Rc2 Rca8 23. Rca2 Rc8 24. Rc2 1/2-1/2

[Event "Almansa 2013 - Torneo A"]
[Site "Almansa ESP"]
[Date "2013.08.11"]
[Round "9.3"]
[White "Remolar Gallen, Jose"]
[Black "Lopez Mulet, Inigo"]
[Result "0-1"]
[WhiteElo "2209"]
[BlackElo "2120"]
[PlyCount "74"]
[EventDate "2013.08.06"]
[EventType "swiss"]
[EventRounds "9"]
[EventCountry "ESP"]
[Source "lmi"]
[SourceDate "2013.08.06"]

1. e4 e6 2. d4 d5 3. Nc3 Nf6 4. Bg5 Bb4 5. Nge2 dxe4 6. a3 Be7 7. Bxf6 gxf6 8.
Nxe4 b6 9. c4 f5 10. N4c3 Bb7 11. d5 Na6 12. g3 Qd7 13. Bg2 O-O-O 14. Qc2 Kb8
15. O-O-O Bd6 16. Rhe1 Qe7 17. Kb1 Qf6 18. Nd4 Be5 19. Ncb5 Nc5 20. f4 Bxd4 21.
Nxd4 exd5 22. cxd5 Bxd5 23. Re5 Be4 24. Bxe4 fxe4 25. b4 Nd3 26. Nc6+ Kc8 27.
Rxe4 Nf2 28. Rxd8+ Rxd8 29. Re1 Nd1 30. Nxd8 Nc3+ 31. Kc1 Kxd8 32. Re5 Qc6 33.
Kb2 Na4+ 34. Kb3 Qd7 35. Re1 Kc8 36. Rd1 Qb5 37. Qd3 Nc5+ 0-1

[Event "Almansa 2013 - Torneo A"]
[Site "Almansa ESP"]
[Date "2013.08.11"]
[Round "9.4"]
[White "Naranjo Moreno, Antonio"]
[Black "Jimenez Martinez, Jose Vicente"]
[Result "1/2-1/2"]
[WhiteElo "2293"]
[BlackElo "2238"]
[PlyCount "30"]
[EventDate "2013.08.06"]
[EventType "swiss"]
[EventRounds "9"]
[EventCountry "ESP"]
[Source "lmi"]
[SourceDate "2013.08.06"]

1. e4 d6 2. d4 g6 3. Nc3 Bg7 4. Be3 a6 5. Qd2 Nd7 6. h4 Ngf6 7. f3 b5 8. O-O-O
Bb7 9. a3 Rc8 10. Nh3 c5 11. dxc5 Nxc5 12. Bh6 Bxh6 13. Qxh6 Qa5 14. Na2 Qc7
15. c3 d5 1/2-1/2

[Event "Almansa 2013 - Torneo A"]
[Site "Almansa ESP"]
[Date "2013.08.11"]
[Round "9.5"]
[White "Sanchez Jerez, Emilio Miguel"]
[Black "Villasenor Rubio, Emilio Jose"]
[Result "0-1"]
[WhiteElo "2238"]
[BlackElo "2260"]
[PlyCount "82"]
[EventDate "2013.08.06"]
[EventType "swiss"]
[EventRounds "9"]
[EventCountry "ESP"]
[Source "lmi"]
[SourceDate "2013.08.06"]

1. e4 c5 2. Nf3 Nc6 3. Nc3 g6 4. d4 cxd4 5. Nxd4 Bg7 6. Be3 Nf6 7. f3 O-O 8. g4
Qb6 9. Rb1 Qd8 10. Qd2 d6 11. h4 h5 12. Bc4 Ne5 13. Bb3 Bd7 14. Kf2 Rc8 15.
gxh5 Neg4+ 16. Ke2 Nxe3 17. hxg6 Nc4 18. Qg5 fxg6 19. Rbg1 Rf7 20. Qxg6 Qb6 21.
Rd1 Qc5 22. h5 Kf8 23. h6 Bh8 24. h7 e6 25. f4 Ke7 26. Rhg1 Qh5+ 27. Qxh5 Nxh5
28. Rg8 Nxf4+ 29. Ke1 Ne3 30. Rd2 Rxh7 31. Rxc8 Bxc8 32. Ndb5 Ng4 33. Rxd6 a6
34. Rb6 axb5 35. Nxb5 Rh1+ 36. Kd2 Rh2+ 37. Ke1 Bf6 38. Na7 Bd7 39. Rxb7 Ne3
40. Nc8+ Kf8 41. Bc4 Bh4# 0-1

[Event "Almansa 2013 - Torneo A"]
[Site "Almansa ESP"]
[Date "2013.08.11"]
[Round "9.6"]
[White "Castilla Leon Salas, Carlos"]
[Black "Gavilan Diaz, Mario"]
[Result "0-1"]
[WhiteElo "2132"]
[BlackElo "2225"]
[PlyCount "123"]
[EventDate "2013.08.06"]
[EventType "swiss"]
[EventRounds "9"]
[EventCountry "ESP"]
[Source "lmi"]
[SourceDate "2013.08.06"]

1. d4 Nf6 2. c4 c5 3. d5 e6 4. Nc3 exd5 5. cxd5 d6 6. e4 g6 7. f4 Bg7 8. Bb5+
Nbd7 9. e5 dxe5 10. fxe5 Nh5 11. e6 Qh4+ 12. g3 Nxg3 13. hxg3 Qxh1 14. Be3
Bxc3+ 15. bxc3 a6 16. exd7+ Bxd7 17. Bxd7+ Kxd7 18. Qb3 b5 19. O-O-O Rhe8 20.
Bxc5 Qg2 21. d6 Re6 22. Nh3 Qxh3 23. Qd5 Rb8 24. Ba7 Qh6+ 25. Kc2 Qf8 26. Rf1
f6 27. Rh1 h5 28. Rd1 Qg8 29. Bxb8 Qxb8 30. Kb3 a5 31. Rd2 a4+ 32. Kc2 Rxd6 33.
Qf7+ Kc6 34. Rxd6+ Qxd6 35. Qe8+ Kb6 36. Qxg6 Qe6 37. Kb2 Qe2+ 38. Kc1 Qf3 39.
Kc2 Qe2+ 40. Kc1 Qe5 41. Kc2 Kc5 42. Qg8 Qd5 43. Qf8+ Qd6 44. Qc8+ Kb6 45. Qg8
Qc7 46. Qe6+ Qc6 47. Qe3+ Ka6 48. Qf4 Qe6 49. Kb2 Qe2+ 50. Kc1 Qe5 51. Qf3 Kb6
52. Kc2 Kc5 53. Qd3 Qd5 54. Qe3+ Kd6 55. Kb2 a3+ 56. Kc2 Qxa2+ 57. Kd1 Qb3+ 58.
Kd2 Qd5+ 59. Kc2 Qg2+ 60. Kd3 a2 61. Qb6+ Qc6 62. Qb8+ 0-1